| 000 | 00385 a2200133 4500 | ||
|---|---|---|---|
| 020 | _a2882130287 | ||
| 082 |
_a861.4 _bC854ph |
||
| 100 |
_aCouffon, Claude _9611 |
||
| 245 | _aPoesie Hondurienne Du XX Siecle | ||
| 260 |
_aGeneve, Suisse _bPatiǫ/Union Latine _c1997 |
||
| 300 |
_a264 p _bill, col _c20.5 cm |
||
| 650 |
_aPoesia _xliteratura _xs. XX _zHonduras _9612 |
||
| 700 |
_aClaude Couffon _9613 |
||
| 999 |
_c123 _d123 |
||